Indo-European Languages in 250 BC with a Map - Statistics

General Stats
  • This quiz has been taken 13,093 times
    13,091 since last reset
  • The average score is 15 of 54
Answers on the Map
Answers color-coded by a green-red scale on the quiz's map according to % correct below.
 
Answer Stats
Languages % Correct
Old Latin
91%
Ancient Greek
90%
Old Persian
80%
North Germanic
78%
East Germanic
75%
West Germanic
73%
Gaulish
71%
Proto-Slavic
59%
Primitive Irish
58%
Classical Sanskrit
53%
Armenian
51%
Dacian
45%
Illyrian
42%
Thracian
42%
Proto-Baltic
41%
Common Brittonic
39%
Gallaecian
39%
Scythian Languages
33%
Lusitanian
29%
Venetic
28%
Sicel
27%
Ancient Cappadocian
24%
Celtiberian
24%
Median
23%
Lydian
22%
Parthian
20%
Galatian
19%
Lepontic
19%
Phrygian
19%
Proto-Tocharian
17%
Bactrian
16%
Umbrian
16%
Lycian
14%
Milyan
14%
Magadhi Prakrit
11%
Bithynian
10%
Maharashtri Prakrit
10%
Messapic
10%
Oscan
10%
Shauraseni Prakrit
10%
Khwarezmian
8%
Carian
7%
Dardanian
7%
Isaurian
7%
Paeonian
7%
Nuristani Languages
6%
Pisidian
6%
Dardic Languages
5%
Faliscan
5%
Mysian
5%
Liburnian
4%
Brygian
3%
Sidetic
3%
Wusun
3%
No matching quizzes found
Score Distribution
Percent of People with Each Score
Percentile by Number Answered
Your Score History
You have not taken this quiz since the last reset